书目信息 |
| 题名: |
河南省反腐倡廉机制创新研究
|
|
| 作者: | 高委 主编 | |
| 分册: | ||
| 出版信息: | 北京 中国方正出版社 2008.01 |
|
| 页数: | 270页 | |
| 开本: | 22cm | |
| 丛书名: | ||
| 单 册: | ||
| 中图分类: | D630.9 | |
| 科图分类: | ||
| 主题词: | 政治--中国 | |
| 电子资源: | ||
| ISBN: | 978-7-80216-344-7 | |
| 000 | 00557nam0 2200205 45 | |
| 001 | 0956026584 | |
| 005 | 20091110153502.60 | |
| 010 | @a978-7-80216-344-7@dCNY35.00 | |
| 100 | @a20090515d2008 ekmy0 y0120 ea | |
| 102 | @aCN@b130000 | |
| 105 | @ay z 000yy | |
| 200 | 1 | @a河南省反腐倡廉机制创新研究@f高委主编@Fgao wei zhu bian |
| 210 | @a北京@c中国方正出版社@d2008.01 | |
| 215 | @a270页@d22cm | |
| 606 | 0 | @a政治@x中国 |
| 690 | @aD630.9@v4 | |
| 701 | 0 | @a高委@Agao wei@4主编 |
| 801 | 0 | @aCN@c20091110 |
| 905 | @a10447@dD630.9@eG183 | |
| 906 | @d35@n1@r1 | |
| 河南省反腐倡廉机制创新研究/高委主编.-北京:中国方正出版社,2008.01 |
| 270页;22cm |
| ISBN 978-7-80216-344-7:CNY35.00 |
| ● |
| 相关链接 |
|
|
|
正题名:河南省反腐倡廉机制创新研究
索取号:D630.9/G183
 
预约/预借
| 序号 | 登录号 | 条形码 | 馆藏地/架位号 | 状态 | 备注 |
| 1 | 892989 | 208929891 | 社科库509/509社科库 74排5列1层/ [索取号:D630.9/G183] | 在馆 |